Vox: diccionario básico latino-español, español-latino
שמור ב:
| מחבר ראשי: | |
|---|---|
| פורמט: | ספר |
| שפה: | Spanish |
| יצא לאור: |
España
BIBLIOGRAF
1996
|
| מהדורה: | 12 |
| נושאים: | |
| תגים: |
הוספת תג
אין תגיות, היה/י הראשונ/ה לתייג את הרשומה!
|
MARC
| LEADER | 00000nam a22000007a 4500 | ||
|---|---|---|---|
| 008 | 180222b xxu||||| |||| 00| 0 spa d | ||
| 020 | |a 8471532239 | ||
| 040 | |a cru BVZT | ||
| 090 | |a R-413 E-1v | ||
| 100 | |a Echauri Martínez, Eustaquio | ||
| 245 | |a Vox: diccionario básico latino-español, español-latino | ||
| 250 | |a 12 | ||
| 260 | |a España |b BIBLIOGRAF |c 1996 | ||
| 300 | |a 829 páginas | ||
| 650 | |a REFERENCIA | ||
| 650 | |a DICCIONARIO | ||
| 650 | |a MORFOLOGÍA | ||
| 650 | |a SINTAXIS | ||
| 650 | |a FRASEOLOGÍA | ||
| 942 | |c REF | ||
| 999 | |c 15430 |d 15430 | ||



